[Event "GER-chT Lands U20"]
[Site "Hannover"]
[Date "2012.10.01"]
[Round "4.2"]
[White "Mertens, Pauline"]
[Black "Florstedt, Johannes"]
[Result "0-1"]
[WhiteElo "1979"]
[BlackElo "2031"]
[PlyCount "120"]
[EventDate "2012.09.29"]
[EventType "team-swiss"]
[EventRounds "7"]
[EventCountry "GER"]
[SourceTitle "CBM 150 Extra"]
[Source "ChessBase"]
[SourceDate "2012.10.19"]
[SourceVersion "1"]
[SourceVersionDate "2012.10.19"]
[SourceQuality "1"]
[WhiteTeam "Sachsen Anhalt"]
[BlackTeam "Nordrhein Westfalen"]
[WhiteTeamCountry "GER"]
[BlackTeamCountry "GER"]

1. e4 e6 2. d4 d5 3. Nc3 Bb4 4. e5 Ne7 5. Qg4 c5 6. a3 Qa5 7. Bd2 cxd4 8. Qxd4 Nbc6 9. Bb5 0-0 10. Bxc6 Nxc6 11. Qf4 d4 12. Ne4 Bxd2+ 13. Nxd2 Qxe5+ 14. Qxe5 Nxe5 15. Nb3 d3 16. 0-0-0 dxc2 17. Kxc2 Bd7 18. Nd4 Ng4 19. Nh3 e5 20. Ne2 Bf5+ 21. Kd2 Rfd8+ 22. Ke1 Rxd1+ 23. Kxd1 Rd8+ 24. Kc1 h6 25. Nc3 f6 26. f3 Ne3 27. g4 Bg6 28. Nf2 Ng2 29. Rf1 Nf4 30. h4 Nd3+ 31. Nxd3 Rxd3 32. Rf2 Rd4 33. Ne2 Rc4+ 34. Nc3 Be8 35. Kd2 Kf7 36. Ke3 Ke6 37. Rd2 Bc6 38. Ne4 Bd5 39. Nc3 Rd4 40. Ne4 Rxd2 41. Nxd2 f5 42. gxf5+ Kxf5 43. Nf1 g5 44. Ng3+ Kf6 45. hxg5+ Kxg5 46. Ne2 h5 47. Kf2 Bc6 48. Ng1 e4 49. fxe4 Bxe4 50. Kg3 h4+ 51. Kh2 Kf4 52. Ne2+ Kg4 53. Nd4 h3 54. Nb3 Bg2 55. Nd4 Kf4 56. Nb5 a5 57. Nd6 a4 58. Nb5 Ke3 59. Nc3 Bc6 60. Kxh3 Kd3 0-1

[Event "GER-chT Lands U20"]
[Site "Hannover"]
[Date "2012.10.01"]
[Round "5.2"]
[White "Wild, Achim"]
[Black "Mertens, Pauline"]
[Result "1/2-1/2"]
[WhiteElo "2122"]
[BlackElo "1979"]
[PlyCount "89"]
[EventDate "2012.09.29"]
[EventType "team-swiss"]
[EventRounds "7"]
[EventCountry "GER"]
[SourceTitle "CBM 150 Extra"]
[Source "ChessBase"]
[SourceDate "2012.10.19"]
[SourceVersion "1"]
[SourceVersionDate "2012.10.19"]
[SourceQuality "1"]
[WhiteTeam "Saarland"]
[BlackTeam "Sachsen Anhalt"]
[WhiteTeamCountry "GER"]
[BlackTeamCountry "GER"]

1. d4 d5 2. c4 c6 3. Nf3 Nf6 4. e3 Bf5 5. Nc3 e6 6. Nh4 Bg4 7. Qb3 Qb6 8. h3 Bh5 9. g4 Bg6 10. Nxg6 hxg6 11. Bg2 Be7 12. Bd2 Na6 13. Na4 Qxb3 14. axb3 Kd7 15. Ke2 Ne8 16. e4 Nac7 17. Nc5+ Kc8 18. Nd3 Nf6 19. f3 Nd7 20. Bf4 Bf6 21. e5 Be7 22. Rac1 Kd8 23. Be3 Ke8 24. f4 f5 25. exf6 gxf6 26. h4 Kf7 27. Bf3 Rag8 28. g5 f5 29. h5 gxh5 30. Bxh5+ Kg7 31. Nc5 Nxc5 32. dxc5 e5 33. fxe5 Ne6 34. cxd5 cxd5 35. Bf3 d4 36. Bd5 dxe3 37. Bxe6 Rxh1 38. Rxh1 Rf8 39. b4 Bxg5 40. Rh5 Kg6 41. Rh1 Rd8 42. Rd1 Rxd1 43. Kxd1 Bf4 44. Bd5 Bxe5 45. Bxb7 1/2-1/2

[Event "Dresden ZMD op-A 21st"]
[Site "Dresden"]
[Date "2012.08.26"]
[Round "9"]
[White "Mertens, Pauline"]
[Black "Juergens, Klaus"]
[Result "1/2-1/2"]
[WhiteElo "1986"]
[BlackElo "2115"]
[PlyCount "100"]
[EventDate "2012.08.18"]
[EventType "swiss"]
[EventRounds "9"]
[EventCountry "GER"]
[SourceTitle "CBM 150 Extra"]
[Source "ChessBase"]
[SourceDate "2012.10.19"]
[SourceVersion "1"]
[SourceVersionDate "2012.10.19"]
[SourceQuality "1"]

1. e4 c5 2. Nf3 Nc6 3. d4 cxd4 4. Nxd4 g6 5. c4 Bg7 6. Be3 Nf6 7. Nc3 d6 8. Be2 0-0 9. Qd2 Ng4 10. Bxg4 Bxg4 11. 0-0 Qa5 12. Rab1 Rfc8 13. b3 a6 14. f3 Bd7 15. Rfd1 Nxd4 16. Bxd4 Bxd4+ 17. Qxd4 Be6 18. b4 Qg5 19. Nd5 Bxd5 20. exd5 a5 21. b5 Rc5 22. Rbc1 Rac8 23. Rc3 Qe5 24. Qxe5 dxe5 25. Rdc1 b6 26. Kf2 f5 27. Re3 Rxd5 28. cxd5 Rxc1 29. Rxe5 Kf7 30. Re6 Rc2+ 31. Kg3 Rxa2 32. Rxb6 Rb2 33. Rb8 a4 34. b6 a3 35. Ra8 Rxb6 36. Rxa3 g5 37. h4 gxh4+ 38. Kxh4 Rg6 39. g4 Rd6 40. gxf5 Kf6 41. Kg4 Rxd5 42. Ra6+ Rd6 43. Ra4 Rb6 44. Re4 Kf7 45. Re1 Rh6 46. Kg5 Rh2 47. Re6 Rg2+ 48. Kf4 Rd2 49. Rh6 Kg7 50. Re6 Kf7 1/2-1/2

[Event "Dresden ZMD op-A 21st"]
[Site "Dresden"]
[Date "2012.08.25"]
[Round "8"]
[White "Berni, Fabrizio"]
[Black "Mertens, Pauline"]
[Result "1/2-1/2"]
[WhiteElo "1974"]
[BlackElo "1986"]
[PlyCount "56"]
[EventDate "2012.08.18"]
[EventType "swiss"]
[EventRounds "9"]
[EventCountry "GER"]
[SourceTitle "CBM 150 Extra"]
[Source "ChessBase"]
[SourceDate "2012.10.19"]
[SourceVersion "1"]
[SourceVersionDate "2012.10.19"]
[SourceQuality "1"]

1. e4 c5 2. Nf3 d6 3. c3 Nf6 4. Bd3 Nc6 5. Bc2 g6 6. 0-0 Bg7 7. h3 0-0 8. d4 cxd4 9. cxd4 e5 10. d5 Nb4 11. Bb3 Bd7 12. a3 Na6 13. Nc3 Rc8 14. Be3 Rxc3 15. bxc3 Nxe4 16. Qc1 f5 17. Ng5 Nxg5 18. Bxg5 Qc7 19. Bh6 Nc5 20. Bc2 Bb5 21. Rd1 Bc4 22. Bxg7 Kxg7 23. Qd2 Kg8 24. Rab1 b6 25. Rb4 Na6 26. Rbb1 Nc5 27. Rb4 Na6 28. Rbb1 Nc5 1/2-1/2

[Event "Dresden ZMD op-A 21st"]
[Site "Dresden"]
[Date "2012.08.18"]
[Round "1"]
[White "Mertens, Pauline"]
[Black "Kaiser, Dieter"]
[Result "1/2-1/2"]
[WhiteElo "1986"]
[BlackElo "2224"]
[PlyCount "131"]
[EventDate "2012.08.18"]
[EventType "swiss"]
[EventRounds "9"]
[EventCountry "GER"]
[SourceTitle "CBM 150 Extra"]
[Source "ChessBase"]
[SourceDate "2012.10.19"]
[SourceVersion "1"]
[SourceVersionDate "2012.10.19"]
[SourceQuality "1"]

1. e4 c5 2. Nf3 Nc6 3. d4 cxd4 4. Nxd4 Nf6 5. Nc3 d6 6. Bc4 e6 7. Be3 Be7 8. 0-0 0-0 9. Bb3 Nxd4 10. Bxd4 b5 11. a3 Bb7 12. Re1 a6 13. Qd3 Rc8 14. Rad1 Qc7 15. f4 e5 16. Be3 Ng4 17. Bd5 Nxe3 18. Qxe3 exf4 19. Qxf4 Bf6 20. Rd3 Be5 21. Qh4 Qb6+ 22. Kh1 Bxc3 23. bxc3 Bxd5 24. exd5 Rfe8 25. h3 h6 26. Qg3 Qc5 27. Rf1 Re5 28. Rdf3 Rc7 29. Qh4 f6 30. Rg3 Qc4 31. Qxf6 Re8 32. Qf5 Rce7 33. Rgf3 Qe4 34. Qh5 Qxc2 35. Rg3 Qd2 36. Qg6 Qxd5 37. Qxh6 Qe5 38. Qg6 Rf8 39. Rxf8+ Kxf8 40. Rf3+ Kg8 41. Qd3 d5 42. Rf5 Qd6 43. Qxd5+ Qxd5 44. Rxd5 Re1+ 45. Kh2 Ra1 46. Rd7 Rxa3 47. Ra7 a5 48. Rb7 Rb3 49. Ra7 a4 50. c4 bxc4 51. Rxa4 Rc3 52. Ra7 Kh7 53. Rc7 Kg6 54. Rc5 Kf6 55. Kg1 Rc2 56. Kf1 Ke6 57. Ke1 Rxg2 58. Rxc4 Kf5 59. Kf1 Rg3 60. Rc7 Kg6 61. Rc4 Rxh3 62. Kg2 Ra3 63. Rb4 Kh5 64. Rc4 g5 65. Rb4 g4 66. Rb8 1/2-1/2

[Event "Oberliga Ost-A 1112"]
[Site "Germany"]
[Date "2011.12.11"]
[Round "5.7"]
[White "Mertens, Pauline"]
[Black "Mader, Joerg"]
[Result "1/2-1/2"]
[WhiteElo "2022"]
[BlackElo "2075"]
[PlyCount "139"]
[EventDate "2011.09.25"]
[EventType "team-tourn"]
[EventRounds "11"]
[EventCountry "GER"]
[SourceTitle "EXT 2013"]
[Source "ChessBase"]
[SourceDate "2012.11.22"]
[SourceVersion "1"]
[SourceVersionDate "2012.11.22"]
[SourceQuality "1"]
[WhiteTeam "Loeberitz"]
[BlackTeam "Leipzig VfB"]
[WhiteTeamCountry "GER"]
[BlackTeamCountry "GER"]

1. e4 e5 2. Nf3 Nf6 3. Nxe5 d6 4. Nf3 Nxe4 5. d4 d5 6. Bd3 Be7 7. 0-0 Bg4 8. Re1 Nf6 9. Qe2 Nc6 10. Bb5 Ne4 11. c4 Be6 12. Ne5 0-0 13. Nxc6 bxc6 14. Bxc6 Bb4 15. Rd1 Rb8 16. c5 Qf6 17. f3 Nxc5 18. dxc5 Bxc5+ 19. Kh1 d4 20. Be4 Bd6 21. g3 c5 22. Nd2 Rfc8 23. Qf1 c4 24. Bxh7+ Kxh7 25. Ne4 Qe7 26. Nxd6 Qxd6 27. Bf4 Qd5 28. Bxb8 Rxb8 29. b3 cxb3 30. axb3 Rxb3 31. Rd3 Rxd3 32. Qxd3+ Bf5 33. Qd1 g5 34. Kg1 d3 35. g4 Bd7 36. h3 Bb5 37. Kg2 a6 38. Qd2 f6 39. Rh1 Bc6 40. Rf1 Kg6 41. Kg3 a5 42. f4 a4 43. fxg5 fxg5 44. h4 gxh4+ 45. Kxh4 Qd8+ 46. Kg3 Qc7+ 47. Kh3 Qh7+ 48. Kg3 Qc7+ 49. Qf4 Qxf4+ 50. Kxf4 a3 51. Ke3 a2 52. Ra1 Bd5 53. Kxd3 Kg5 54. Rg1 Bg8 55. Kc3 Bf7 56. Kb2 Be6 57. Re1 Bf7 58. Re7 Bb3 59. Ra7 Be6 60. Ra6 Bf7 61. Ra4 Be6 62. Re4 Bf7 63. Ka1 Bb3 64. Re3 Bf7 65. Rf3 Be6 66. Re3 Bf7 67. Re7 Bb3 68. Kb2 Kxg4 69. Re4+ Kf5 70. Re1 1/2-1/2

[Event "GER-chT Nord-Ost U20 U20 1112"]
[Site "Germany"]
[Date "2011.11.12"]
[Round "3.2"]
[White "Mertens, Pauline"]
[Black "Schiffner, Kevin"]
[Result "0-1"]
[WhiteElo "1958"]
[BlackElo "1962"]
[PlyCount "68"]
[EventDate "2011.09.24"]
[EventType "team-tourn"]
[EventRounds "9"]
[EventCountry "GER"]
[SourceTitle "EXT 2015"]
[Source "ChessBase"]
[SourceDate "2014.11.20"]
[SourceVersion "1"]
[SourceVersionDate "2014.11.20"]
[SourceQuality "1"]

1. e4 d6 2. d4 g6 3. f4 Bg7 4. Nf3 e6 5. Nc3 Nd7 6. Bd3 a6 7. 0-0 b5 8. Qe1 Ne7 9. f5 exf5 10. exf5 0-0 11. Bg5 Bf6 12. Qh4 Kg7 13. fxg6 fxg6 14. Qh6+ Kh8 15. Bxf6+ Nxf6 16. Ng5 Neg8 17. Qh4 Kg7 18. Rae1 c5 19. Nd5 h6 20. Ne6+ Bxe6 21. Rxe6 c4 22. Bxg6 Nxd5 23. Rxf8 Qxf8 24. Be4 Qf4 25. Rg6+ Kh8 26. Qxf4 Nxf4 27. Rxh6+ Nxh6 28. Bxa8 Ne2+ 29. Kf2 Nxd4 30. c3 Ne6 31. b3 cxb3 32. axb3 Nc5 33. b4 Na4 34. Bb7 Nxc3 0-1

[Event "GER-chT Nord-Ost U20 U20 1112"]
[Site "Germany"]
[Date "2011.11.05"]
[Round "2.2"]
[White "Nguyen, Manh Hoang"]
[Black "Mertens, Pauline"]
[Result "0-1"]
[WhiteElo "1613"]
[BlackElo "1958"]
[PlyCount "86"]
[EventDate "2011.09.24"]
[EventType "team-tourn"]
[EventRounds "9"]
[EventCountry "GER"]
[SourceTitle "EXT 2015"]
[Source "ChessBase"]
[SourceDate "2014.11.20"]
[SourceVersion "1"]
[SourceVersionDate "2014.11.20"]
[SourceQuality "1"]

1. e4 c5 2. Nf3 d6 3. d4 cxd4 4. Nxd4 Nf6 5. Nc3 a6 6. Be3 e6 7. Be2 Nbd7 8. 0-0 b5 9. a3 Bb7 10. f3 Be7 11. Qe1 0-0 12. Rd1 Qc7 13. Qg3 Rfe8 14. Nb3 Rac8 15. Rd2 d5 16. Qxc7 Rxc7 17. Rfd1 dxe4 18. Nxe4 Nf8 19. Bf4 Nxe4 20. Bxc7 Nxd2 21. Rxd2 Rc8 22. Be5 Bd5 23. Nd4 Bc5 24. Kf1 Nd7 25. Bg3 Bxd4 26. Rxd4 Rxc2 27. Rb4 Nb6 28. Be1 Nc4 29. Bc3 Nxa3 30. Bxg7 Kxg7 31. bxa3 Ra2 32. Rb1 Rxa3 33. Ke1 Kf8 34. Kd1 Ke7 35. Kc1 Kd6 36. Rb2 Ra4 37. Rc2 b4 38. Kb1 a5 39. Bb5 Ra3 40. Kb2 Ra2+ 41. Kb1 Rxc2 42. Kxc2 Kc5 43. Ba4 Bc6 0-1

[Event "GER-ch U18 Girls"]
[Site "Oberhof"]
[Date "2010.05.26"]
[Round "6"]
[White "Mertens, Pauline"]
[Black "Bluebaum, Johanna"]
[Result "0-1"]
[WhiteElo "1999"]
[BlackElo "1988"]
[PlyCount "46"]
[EventDate "2010.05.22"]
[EventType "swiss"]
[EventRounds "9"]
[EventCountry "GER"]
[SourceTitle "CBM 136 Extra"]
[Source "ChessBase"]
[SourceDate "2010.07.02"]
[SourceVersion "2"]
[SourceVersionDate "2010.07.15"]
[SourceQuality "1"]

1. e4 e6 2. d4 d5 3. Nc3 Nf6 4. Bg5 Be7 5. Bxf6 Bxf6 6. Nf3 0-0 7. Qd2 c5 8. 0-0-0 c4 9. exd5 exd5 10. Ne5 Nc6 11. f4 Qa5 12. Kb1 Be7 13. Rg1 f6 14. Nf3 Be6 15. g4 b5 16. Ne2 b4 17. c3 bxc3 18. Nxc3 Rab8 19. Ka1 Rb6 20. Bh3 Rfb8 21. Rb1 Nb4 22. Rgc1 Nxa2 23. Nxa2 Qxa2+ 0-1

[Event "Oberliga Ost-A 0910"]
[Site "Germany"]
[Date "2010.01.23"]
[Round "6.6"]
[White "Brueggemann, Florian"]
[Black "Mertens, Pauline"]
[Result "1/2-1/2"]
[WhiteElo "2020"]
[BlackElo "2017"]
[PlyCount "95"]
[EventDate "2009.10.18"]
[EventType "team-tourn"]
[EventRounds "11"]
[EventCountry "GER"]
[SourceTitle "EXT 2011"]
[Source "ChessBase"]
[SourceDate "2010.11.26"]
[SourceVersion "1"]
[SourceVersionDate "2010.11.26"]
[SourceQuality "1"]
[WhiteTeam "Magdeburg Aufbau Elbe"]
[BlackTeam "Loeberitz"]
[WhiteTeamCountry "GER"]
[BlackTeamCountry "GER"]

1. e4 c5 2. Nf3 d6 3. Bc4 Nf6 4. Qe2 Nc6 5. c3 Bg4 6. d3 e6 7. Bb3 Be7 8. Nbd2 a6 9. h3 Bh5 10. Nf1 b5 11. Ng3 Bg6 12. 0-0 0-0 13. Nh2 d5 14. f4 c4 15. f5 cxb3 16. fxg6 hxg6 17. axb3 dxe4 18. Nxe4 Nxe4 19. dxe4 Qb6+ 20. Be3 Bc5 21. Bxc5 Qxc5+ 22. Qf2 Qxf2+ 23. Kxf2 b4 24. Rfd1 bxc3 25. bxc3 Rfc8 26. Nf3 a5 27. Ke2 Rab8 28. Ra3 Kf8 29. c4 Ke7 30. Nd4 Nxd4+ 31. Rxd4 Rc5 32. Rd3 Rb7 33. Ra1 Rg5 34. g3 Re5 35. Kf3 Rc5 36. Rad1 Rc6 37. Rc3 Rc5 38. Rd4 Rb4 39. Rcd3 Rb7 40. h4 Rc6 41. Ke2 Rbc7 42. Rc3 Rc5 43. Kd2 Rb7 44. Kc2 Rbc7 45. Kb2 f5 46. Kc2 e5 47. Rd2 Ke6 48. Rf2 1/2-1/2

[Event "GER-chT DLM U20"]
[Site "Wismar"]
[Date "2009.10.02"]
[Round "5"]
[White "Kelbling, Philipp"]
[Black "Mertens, Pauline"]
[Result "1-0"]
[WhiteElo "2116"]
[BlackElo "2014"]
[PlyCount "45"]
[EventDate "2009.09.30"]
[EventType "team-swiss"]
[EventRounds "7"]
[EventCountry "GER"]
[SourceTitle "CBM 132 Extra"]
[Source "ChessBase"]
[SourceDate "2009.11.03"]
[SourceVersion "1"]
[SourceVersionDate "2009.11.03"]
[SourceQuality "1"]
[WhiteTeam "Nordrhein Westfalen U20"]
[BlackTeam "Sachsen Anhalt U20"]
[WhiteTeamCountry "GER"]
[BlackTeamCountry "GER"]

1. e4 c5 2. Nf3 d6 3. d4 cxd4 4. Nxd4 Nf6 5. Nc3 a6 6. Bg5 e6 7. f4 Be7 8. Qf3 Nbd7 9. 0-0-0 Qc7 10. Bd3 b5 11. Rhe1 Bb7 12. Qg3 b4 13. Nd5 Nxd5 14. exd5 Bxd5 15. Bxe7 Kxe7 16. Nxe6 Bxe6 17. f5 Nc5 18. fxe6 Nxe6 19. Re2 Kf8 20. Qf3 Re8 21. Rde1 Kg8 22. Bf5 Rc8 23. Rxe6 1-0

[Event "GER-chT DLM U20"]
[Site "Wismar"]
[Date "2009.10.01"]
[Round "3"]
[White "Mertens, Pauline"]
[Black "Lampert, Jonas"]
[Result "1/2-1/2"]
[WhiteElo "2014"]
[BlackElo "2111"]
[PlyCount "49"]
[EventDate "2009.09.30"]
[EventType "team-swiss"]
[EventRounds "7"]
[EventCountry "GER"]
[SourceTitle "CBM 132 Extra"]
[Source "ChessBase"]
[SourceDate "2009.11.03"]
[SourceVersion "1"]
[SourceVersionDate "2009.11.03"]
[SourceQuality "1"]
[WhiteTeam "Sachsen Anhalt U20"]
[BlackTeam "Hamburg U20"]
[WhiteTeamCountry "GER"]
[BlackTeamCountry "GER"]

1. e4 c5 2. Nf3 d6 3. d4 cxd4 4. Nxd4 Nf6 5. Nc3 a6 6. Be3 e6 7. f3 b5 8. Qd2 Bb7 9. 0-0-0 Nbd7 10. g4 Nb6 11. g5 Nfd7 12. Kb1 b4 13. Nce2 Nc4 14. Qd3 d5 15. Ng3 Nc5 16. Qe2 Na4 17. Bc1 Rc8 18. Bh3 Qa5 19. Nb3 Qc7 20. exd5 Na3+ 21. Ka1 Nxc2+ 22. Kb1 Na3+ 23. Ka1 Nc2+ 24. Kb1 Na3+ 25. Ka1 1/2-1/2

[Event "Oberliga Ost-A 0809"]
[Site "Germany"]
[Date "2009.02.01"]
[Round "7.6"]
[White "Mertens, Pauline"]
[Black "Noack, Christian"]
[Result "1/2-1/2"]
[WhiteElo "1918"]
[BlackElo "2095"]
[PlyCount "74"]
[EventDate "2008.10.12"]
[EventType "team-tourn"]
[EventRounds "11"]
[EventCountry "GER"]
[SourceTitle "EXT 2010"]
[Source "ChessBase"]
[SourceDate "2010.11.25"]
[SourceVersion "1"]
[SourceVersionDate "2010.11.25"]
[SourceQuality "1"]
[WhiteTeam "Loeberitz"]
[BlackTeam "Ebersbach"]
[WhiteTeamCountry "GER"]
[BlackTeamCountry "GER"]

1. e4 Nf6 2. e5 Nd5 3. d4 d6 4. c4 Nb6 5. exd6 exd6 6. Be3 Bf5 7. Qf3 Qc8 8. Nc3 Bg6 9. Nh3 Be7 10. Nf4 0-0 11. h4 Nc6 12. h5 Bf5 13. Nfd5 Nxd5 14. Nxd5 Bd8 15. Be2 Qe6 16. Qg3 Re8 17. Nf4 Qe7 18. Nd5 Qe6 19. Nf4 Qe7 20. h6 Qg5 21. Nh5 Qxg3 22. Nxg3 Bg6 23. hxg7 Bf6 24. Rd1 Bxg7 25. 0-0 Nb4 26. Bd2 Nc6 27. Bc3 Re7 28. Bf3 Rae8 29. Bg4 Bf6 30. Nf5 Re4 31. f3 Re2 32. Ng3 R2e3 33. Nf5 Re2 34. Ng3 R2e3 35. Bd7 Rd8 36. Bg4 Rde8 37. Bd7 Rd8 1/2-1/2

[Event "BL 0809 (Women)"]
[Site "Germany"]
[Date "2009.01.25"]
[Round "7.6"]
[White "Mertens, Pauline"]
[Black "Saal, Hilkka"]
[Result "1-0"]
[WhiteElo "1918"]
[BlackElo "1765"]
[PlyCount "67"]
[EventDate "2008.11.08"]
[EventType "team-tourn"]
[EventRounds "11"]
[EventCountry "GER"]
[SourceTitle "EXT 2010"]
[Source "ChessBase"]
[SourceDate "2010.11.25"]
[SourceVersion "1"]
[SourceVersionDate "2010.11.25"]
[SourceQuality "1"]
[WhiteTeam "Leipzig Gohlis (W)"]
[BlackTeam "Lehrte (W)"]
[WhiteTeamCountry "GER"]
[BlackTeamCountry "GER"]

1. e4 c5 2. Nf3 d6 3. d4 cxd4 4. Nxd4 Nf6 5. Nc3 g6 6. Be3 Bg7 7. f3 Nc6 8. Qd2 0-0 9. Bc4 Ne5 10. Bb3 Bd7 11. 0-0-0 Rc8 12. Kb1 Nc4 13. Bxc4 Rxc4 14. g4 b5 15. h4 h5 16. gxh5 Nxh5 17. Nde2 Be6 18. Bh6 Bh8 19. Rdg1 b4 20. Nd5 Bxd5 21. exd5 Kh7 22. Qd3 Rc5 23. Bxf8 Qxf8 24. Rg5 f5 25. Rhg1 Qf6 26. c3 bxc3 27. bxc3 Nf4 28. Nxf4 Rxc3 29. Nh5 Qe5 30. f4 Rxd3 31. fxe5 Bxe5 32. Rxg6 Rxd5 33. R6g5 Bd4 34. Nf6+ 1-0

[Event "GER-chT Lands U20"]
[Site "Dresden"]
[Date "2008.11.18"]
[Round "7.4"]
[White "Mertens, Pauline"]
[Black "Erben, Larissa"]
[Result "1/2-1/2"]
[WhiteElo "1852"]
[BlackElo "1931"]
[PlyCount "176"]
[EventDate "2008.11.14"]
[EventType "team-swiss"]
[EventRounds "7"]
[EventCountry "GER"]
[SourceTitle "EXT 2010"]
[Source "ChessBase"]
[SourceDate "2010.11.25"]
[SourceVersion "1"]
[SourceVersionDate "2010.11.25"]
[SourceQuality "1"]
[WhiteTeam "Sachsen Anhalt"]
[BlackTeam "Wuerttemberg"]
[WhiteTeamCountry "GER"]
[BlackTeamCountry "GER"]

1. e4 c5 2. Nf3 e6 3. d4 cxd4 4. Nxd4 Nc6 5. Nc3 Qc7 6. Be3 a6 7. Qd2 Nf6 8. Nb3 Bb4 9. Bd3 d5 10. exd5 Nxd5 11. 0-0 0-0 12. Nxd5 exd5 13. c3 Bd6 14. h3 Ne5 15. Rad1 Bxh3 16. Bxh7+ Kxh7 17. Qxd5 Be6 18. Qxd6 Qxd6 19. Rxd6 Nc4 20. Rd4 Nxb2 21. Bc1 Nc4 22. Nc5 b5 23. Nxe6 fxe6 24. Re1 e5 25. Rd5 Rac8 26. Bg5 Kg6 27. Bh4 Kf5 28. Rd7 g5 29. Bg3 Rfd8 30. Red1 Rxd7 31. Rxd7 Rc6 32. f3 Rf6 33. Rc7 g4 34. a4 gxf3 35. gxf3 Nd2 36. Kg2 bxa4 37. Rc5 Re6 38. Ra5 Nb1 39. Rxa4 Nxc3 40. Rc4 Nd5 41. Ra4 Rc6 42. Re4 Re6 43. Ra4 Ne7 44. Ra5 Ng6 45. Kf2 Rb6 46. Ke3 Rb3+ 47. Kf2 Rb6 48. Ke3 Re6 49. Kf2 Nf4 50. Ke3 Nh5 51. Bh2 Nf6 52. Bg3 Nd7 53. Kf2 Rc6 54. Kf1 Nc5 55. Ke2 Ke6 56. Bf2 Nb7 57. Ra2 a5 58. Kd3 Kd5 59. Ra4 Ra6 60. Be3 Nd6 61. Bd2 Nb7 62. Be3 Ra8 63. Bb6 Kc6 64. Be3 Kb5 65. Re4 Re8 66. f4 Rd8+ 67. Kc3 exf4 68. Bxf4 Nc5 69. Re5 Rd3+ 70. Kb2 Kc4 71. Re8 a4 72. Ra8 Kb4 73. Rb8+ Kc4 74. Ra8 Rb3+ 75. Ka2 Rf3 76. Bc1 Kb5 77. Rb8+ Ka5 78. Bd2+ Ka6 79. Ra8+ Kb7 80. Ra5 Kb6 81. Ra8 Rf2 82. Rd8 Ne4 83. Ka3 Kb5 84. Bc1 Rf3+ 85. Ka2 Nc3+ 86. Kb2 Kb4 87. Rb8+ Kc4 88. Rc8+ Kd4 1/2-1/2

[Event "Oberliga Ost-A 0809"]
[Site "Germany"]
[Date "2008.10.12"]
[Round "1.7"]
[White "Poenisch, Egmont"]
[Black "Mertens, Pauline"]
[Result "1/2-1/2"]
[WhiteElo "2133"]
[BlackElo "1918"]
[PlyCount "35"]
[EventDate "2008.10.12"]
[EventType "team-tourn"]
[EventRounds "11"]
[EventCountry "GER"]
[SourceTitle "EXT 2010"]
[Source "ChessBase"]
[SourceDate "2010.11.25"]
[SourceVersion "1"]
[SourceVersionDate "2010.11.25"]
[SourceQuality "1"]
[WhiteTeam "Coswig"]
[BlackTeam "Loeberitz"]
[WhiteTeamCountry "GER"]
[BlackTeamCountry "GER"]

1. c4 c6 2. Nf3 Nf6 3. e3 d5 4. b3 Bg4 5. Be2 Nbd7 6. d4 e6 7. 0-0 Bd6 8. Ba3 Bxa3 9. Nxa3 Ne4 10. Nb1 0-0 11. Nfd2 Bxe2 12. Qxe2 Ndf6 13. Nxe4 Nxe4 14. Nd2 Nf6 15. Nf3 Ne4 16. Nd2 Nf6 17. Nf3 Ne4 18. Nd2 1/2-1/2